Psychology for Nurses (Record no. 156271)
[ view plain ]
| 000 -LEADER | |
|---|---|
| fixed length control field | 00393nam a2200145Ia 4500 |
| 008 - FIXED-LENGTH DATA ELEMENTS--GENERAL INFORMATION | |
| fixed length control field | 230411s9999 xx 000 0 und d |
| 020 ## - INTERNATIONAL STANDARD BOOK NUMBER | |
| International Standard Book Number | 978-81-239-1696-5 |
| 041 ## - LANGUAGE CODE | |
| Language code of text/sound track or separate title | eng |
| 082 ## - DEWEY DECIMAL CLASSIFICATION NUMBER | |
| Classification number | PY/150/GOW/B05785 |
| 100 ## - MAIN ENTRY--PERSONAL NAME | |
| Personal name | Gowda Krishne |
| 9 (RLIN) | 178724 |
| 245 ## - TITLE STATEMENT | |
| Title | Psychology for Nurses |
| 260 ## - PUBLICATION, DISTRIBUTION, ETC. (IMPRINT) | |
| Name of publisher, distributor, etc. | CBS Publishers & Distributors |
| Place of publication, distribution, etc. | New Delhi |
| Date of publication, distribution, etc. | 2009 |
| 300 ## - PHYSICAL DESCRIPTION | |
| Extent | 190p |
| Withdrawn status | Lost status | Damaged status | Not for loan | Collection code | Home library | Current library | Date acquired | Vendor | Cost, normal purchase price | Bill number | Total Checkouts | Full call number | Barcode | Date last seen | Date last checked out | Cost, replacement price | Bill Date | Koha item type | Original Barcode |
|---|---|---|---|---|---|---|---|---|---|---|---|---|---|---|---|---|---|---|---|
| Smt. Bakul Tambat Institute of Nursing Education | Smt. Bakul Tambat Institute of Nursing Education | 10/11/2009 | CBS Publishers / | 150.00 | IN2605 | 5 | PY 150 GOW B05785 | BTIN-BK-5785 | 09/06/2025 | 03/06/2025 | 112.00 | 10/11/2009 | Books | B05785 |